STORIES I WOULDN'T TELL MY MOTHER (Record no. 7796)

MARC details
000 -LEADER
fixed length control field 00376nam a22001457a 4500
005 - DATE AND TIME OF LATEST TRANSACTION
control field 20210326111251.0
008 - FIXED-LENGTH DATA ELEMENTS--GENERAL INFORMATION
fixed length control field 210326b ||||| |||| 00| 0 eng d
020 ## - INTERNATIONAL STANDARD BOOK NUMBER
ISBN 978-81-88908-16-5
041 ## - LANGUAGE CODE
Language code of text/sound track or separate title eng
100 ## - MAIN ENTRY--AUTHOR NAME
Personal name VERMA, K.C.
245 ## - TITLE STATEMENT
Title STORIES I WOULDN'T TELL MY MOTHER
260 ## - PUBLICATION, DISTRIBUTION, ETC. (IMPRINT)
Place of publication KOLKATA
Name of publisher PURPLE PEACOCK BOOKS & ARTS PVT.LTD.
300 ## - PHYSICAL DESCRIPTION
Number of Pages 190,p
942 ## - ADDED ENTRY ELEMENTS (KOHA)
Koha item type Books
Holdings
Lost status Damaged status Collection code Home library Current library Shelving location Date acquired Source of acquisition Full call number Accession Number Koha item type
    LIFE SKILL JRU Library JRU Library SHELF-101-E 26/03/2021 PURCHESE 823.914 25804 Books
    LIFE SKILL JRU Library JRU Library SHELF-101-E 26/03/2021 PURCHESE 823.914 25805 Books
    LIFE SKILL JRU Library JRU Library SHELF-101-E 26/03/2021 PURCHESE 823.914 25806 Books
    LIFE SKILL JRU Library   SHELF-101-E 26/03/2021 PURCHESE 823.914 25807 Books
    LIFE SKILL JRU Library JRU Library SHELF-101-E 26/03/2021 PURCHESE 823.914 25808 Books
    LIFE SKILL JRU Library JRU Library SHELF-44-J 26/03/2021 PURCHESE   25809 Books
    LIFE SKILL JRU Library JRU Library SHELF-101-E 26/03/2021 PURCHESE 823.914 25810 Books